<?xml version="1.0" encoding="UTF-8"?>
<record
    xmlns:xsi="http://www.w3.org/2001/XMLSchema-instance"
    xsi:schemaLocation="http://www.loc.gov/MARC21/slim http://www.loc.gov/standards/marcxml/schema/MARC21slim.xsd"
    xmlns="http://www.loc.gov/MARC21/slim">

  <leader>02499cam a22003734a 4500</leader>
  <controlfield tag="001">16998349</controlfield>
  <controlfield tag="005">20170105102919.0</controlfield>
  <controlfield tag="008">111013s2012    nyua     b    001 0 eng  </controlfield>
  <datafield tag="010" ind1=" " ind2=" ">
    <subfield code="a">  2011042920</subfield>
  </datafield>
  <datafield tag="020" ind1=" " ind2=" ">
    <subfield code="a">9780230621237 (hardback)</subfield>
  </datafield>
  <datafield tag="020" ind1=" " ind2=" ">
    <subfield code="a">0230621236 (hardback)</subfield>
  </datafield>
  <datafield tag="035" ind1=" " ind2=" ">
    <subfield code="a">(OCoLC)ocn733231302</subfield>
  </datafield>
  <datafield tag="040" ind1=" " ind2=" ">
    <subfield code="a">DLC</subfield>
    <subfield code="b">eng</subfield>
    <subfield code="c">DLC</subfield>
    <subfield code="d">YDX</subfield>
    <subfield code="d">BTCTA</subfield>
    <subfield code="d">YDXCP</subfield>
    <subfield code="d">BDX</subfield>
    <subfield code="d">CDX</subfield>
    <subfield code="d">VP@</subfield>
    <subfield code="d">BWX</subfield>
    <subfield code="d">J2H</subfield>
    <subfield code="d">OVV</subfield>
    <subfield code="d">DLC</subfield>
  </datafield>
  <datafield tag="042" ind1=" " ind2=" ">
    <subfield code="a">pcc</subfield>
  </datafield>
  <datafield tag="043" ind1=" " ind2=" ">
    <subfield code="a">nwcu---</subfield>
  </datafield>
  <datafield tag="050" ind1="0" ind2="0">
    <subfield code="a">JL1009.5.I6</subfield>
    <subfield code="b">L37 2012</subfield>
  </datafield>
  <datafield tag="082" ind1="0" ind2="0">
    <subfield code="a">327.12730729109/046</subfield>
    <subfield code="2">23</subfield>
  </datafield>
  <datafield tag="084" ind1=" " ind2=" ">
    <subfield code="a">HIS027110</subfield>
    <subfield code="a">POL005000</subfield>
    <subfield code="a">HIS041010</subfield>
    <subfield code="2">bisacsh</subfield>
  </datafield>
  <datafield tag="100" ind1="1" ind2=" ">
    <subfield code="a">Latell, Brian.</subfield>
  </datafield>
  <datafield tag="245" ind1="1" ind2="0">
    <subfield code="a">Castro's secrets :</subfield>
    <subfield code="b">the CIA and Cuba's intelligence machine /</subfield>
    <subfield code="c">Brian Latell.</subfield>
  </datafield>
  <datafield tag="250" ind1=" " ind2=" ">
    <subfield code="a">1st ed.</subfield>
  </datafield>
  <datafield tag="260" ind1=" " ind2=" ">
    <subfield code="a">New York :</subfield>
    <subfield code="b">Palgrave Macmillan,</subfield>
    <subfield code="c">2012.</subfield>
  </datafield>
  <datafield tag="300" ind1=" " ind2=" ">
    <subfield code="a">xi, 272 p. :</subfield>
    <subfield code="b">ill. ;</subfield>
    <subfield code="c">25 cm.</subfield>
  </datafield>
  <datafield tag="504" ind1=" " ind2=" ">
    <subfield code="a">Includes bibliographical references and index.</subfield>
  </datafield>
  <datafield tag="505" ind1="0" ind2=" ">
    <subfield code="a">Better than us -- On Fidel's orders -- Rooftop stories  -- Come to Cuba -- At daggers drawn -- Tyrannicide -- Mouth of the lion -- Whiplash  -- The big job -- Great minds -- Conspiracy of silence -- Afterword.</subfield>
  </datafield>
  <datafield tag="520" ind1=" " ind2=" ">
    <subfield code="a">"In this riveting Cold War history, highly acclaimed author Brian Latell offers us a new and surprising look at Fidel Castro. Latell draws his narrative on personal interviews with high level defectors from Cuba's intelligence, many of whom have not spoken out for over nearly five decades. The result is a vivid and revelatory account that revises our understanding of how Fidel operated, what his goals were, and how he imagined the future for his tiny island nation. Latell takes us from from the crimes Fidel allegedly committed as a youth in the anti-Battista movement, to how quickly he built up an intelligence system that rivaled the Soviet Union's KGB and Britain's M15 in effectiveness, and how that translated into a feud with JFK's administration and the CIA, and the ultimate confrontation during the Cuban Missile Crises that brought the world to the brink of a nuclear holocaust"--</subfield>
  </datafield>
  <datafield tag="600" ind1="1" ind2="0">
    <subfield code="a">Castro, Fidel,</subfield>
    <subfield code="d">1926-</subfield>
  </datafield>
  <datafield tag="610" ind1="1" ind2="0">
    <subfield code="a">United States.</subfield>
    <subfield code="b">Central Intelligence Agency</subfield>
    <subfield code="z">Cuba.</subfield>
  </datafield>
  <datafield tag="650" ind1=" " ind2="0">
    <subfield code="a">Intelligence service</subfield>
    <subfield code="z">Cuba</subfield>
    <subfield code="x">History</subfield>
    <subfield code="y">20th century.</subfield>
  </datafield>
  <datafield tag="856" ind1="4" ind2="2">
    <subfield code="3">Cover image</subfield>
    <subfield code="u">http://www.netread.com/jcusers2/bk1388/237/9780230621237/image/lgcover.9780230621237.jpg</subfield>
  </datafield>
  <datafield tag="906" ind1=" " ind2=" ">
    <subfield code="a">7</subfield>
    <subfield code="b">cbc</subfield>
    <subfield code="c">orignew</subfield>
    <subfield code="d">1</subfield>
    <subfield code="e">ecip</subfield>
    <subfield code="f">20</subfield>
    <subfield code="g">y-gencatlg</subfield>
  </datafield>
  <datafield tag="942" ind1=" " ind2=" ">
    <subfield code="2">ddc</subfield>
    <subfield code="c">BK</subfield>
  </datafield>
  <datafield tag="999" ind1=" " ind2=" ">
    <subfield code="c">15484</subfield>
    <subfield code="d">15484</subfield>
  </datafield>
  <datafield tag="952" ind1=" " ind2=" ">
    <subfield code="0">0</subfield>
    <subfield code="1">0</subfield>
    <subfield code="4">0</subfield>
    <subfield code="7">0</subfield>
    <subfield code="8">NFIC</subfield>
    <subfield code="a">CIPS</subfield>
    <subfield code="b">CIPS</subfield>
    <subfield code="c">GEN</subfield>
    <subfield code="d">2013-10-02</subfield>
    <subfield code="l">0</subfield>
    <subfield code="o">327.12730729109046 LAT 2012</subfield>
    <subfield code="p">CIPS0002128</subfield>
    <subfield code="r">2013-12-03</subfield>
    <subfield code="w">2013-12-03</subfield>
    <subfield code="y">BK</subfield>
  </datafield>
</record>
